[Event "Oberliga Wuerttemberg 0910"]
[Site "Wuerttemberg"]
[Date "2010.01.10"]
[Round "5.3"]
[White "Bafounta, Denis"]
[Black "Trachtmann, Mark"]
[Result "0-1"]
[WhiteElo "2164"]
[BlackElo "2284"]
[PlyCount "82"]
[EventDate "2009.10.11"]
[EventType "team-tourn"]
[EventRounds "9"]
[EventCountry "GER"]
[SourceTitle "EXT 2019"]
[Source "ChessBase"]
[SourceDate "2018.10.10"]
[SourceVersion "1"]
[SourceVersionDate "2018.10.10"]
[SourceQuality "1"]
[WhiteTeam "Stuttgart Wolfbusch"]
[BlackTeam "Schmiden/Cannstatt"]
[WhiteTeamCountry "GER"]
[BlackTeamCountry "GER"]

1. d4 g6 2. c4 Bg7 3. Nc3 d6 4. e4 Nc6 5. Be3 e5 6. d5 Nce7 7. Nge2 f5 8. f3 Nf6 9. Qd2 0-0 10. Nc1 c6 11. Be2 a6 12. b4 b5 13. dxc6 Nxc6 14. cxb5 Nd4 15. bxa6 fxe4 16. b5 exf3 17. gxf3 Nh5 18. Nb3 Nf4 19. 0-0-0 Nfe6 20. Bc4 Qc7 21. Bd5 Rb8 22. a7 Qxa7 23. Nxd4 exd4 24. Bxd4 Bxd4 25. Qxd4 Qa3+ 26. Kb1 Rf7 27. Qc4 Kg7 28. Bxe6 Bxe6 29. Qxe6 Qxc3 30. Qb3 Qxb3+ 31. axb3 Rxf3 32. Rxd6 Rxb3+ 33. Kc2 R8xb5 34. Rd7+ Kh6 35. Re1 Rb2+ 36. Kd3 Rxh2 37. Ree7 Kg5 38. Rg7 Rb3+ 39. Kd4 Rd2+ 40. Ke4 Rxd7 41. Rxd7 h5 0-1

[Event "FRA-chT1 0910"]
[Site "France"]
[Date "2009.11.21"]
[Round "4.7"]
[White "Lamoureux, Izabelle"]
[Black "Bafounta, Denis"]
[Result "1-0"]
[WhiteElo "2086"]
[BlackElo "2265"]
[PlyCount "63"]
[EventDate "2009.09.27"]
[EventType "team-tourn"]
[EventRounds "11"]
[EventCountry "FRA"]
[SourceTitle "EXT 2011"]
[Source "ChessBase"]
[SourceDate "2010.11.26"]
[SourceVersion "1"]
[SourceVersionDate "2010.11.26"]
[SourceQuality "1"]

1. e4 c5 2. Nf3 Nc6 3. d4 cxd4 4. Nxd4 Nf6 5. Nc3 d6 6. h3 e5 7. Nde2 Be7 8. g4 0-0 9. Bg2 Be6 10. 0-0 Rc8 11. Ng3 b5 12. Nd5 b4 13. Be3 Re8 14. a3 a5 15. Bb6 Qd7 16. g5 Nxd5 17. exd5 Bxh3 18. dxc6 Rxc6 19. Bxa5 Bxg2 20. Kxg2 bxa3 21. Rxa3 Bxg5 22. Ne4 Bf4 23. Bd2 d5 24. Ng3 Rg6 25. Rh1 f5 26. Be1 Bh6 27. Kf1 f4 28. Nh5 d4 29. Qe2 e4 30. Rah3 Kh8 31. Rh4 Qf5 32. Qc4 1-0

[Event "Oberliga Wuerttemberg 0910"]
[Site "Wuerttemberg"]
[Date "2009.10.25"]
[Round "2.3"]
[White "Gabriel, Josef"]
[Black "Bafounta, Denis"]
[Result "0-1"]
[WhiteElo "2097"]
[BlackElo "2164"]
[PlyCount "54"]
[EventDate "2009.10.11"]
[EventType "team-tourn"]
[EventRounds "9"]
[EventCountry "GER"]
[SourceTitle "EXT 2019"]
[Source "ChessBase"]
[SourceDate "2018.10.10"]
[SourceVersion "1"]
[SourceVersionDate "2018.10.10"]
[SourceQuality "1"]
[WhiteTeam "Stuttgart SF II"]
[BlackTeam "Stuttgart Wolfbusch"]
[WhiteTeamCountry "GER"]
[BlackTeamCountry "GER"]

1. c4 e6 2. Nc3 d5 3. cxd5 exd5 4. d4 c6 5. Qc2 g6 6. Nf3 Bf5 7. Qb3 Qb6 8. Qa4 Nf6 9. e3 Nbd7 10. Be2 Bd6 11. a3 0-0 12. b4 Ne4 13. Nxe4 Bxe4 14. Bd2 a6 15. 0-0 Qc7 16. h3 Rae8 17. Rfc1 f5 18. Ng5 f4 19. Nxe4 fxe3 20. Nxd6 exf2+ 21. Kf1 Qxd6 22. Bf4 Qxf4 23. Bf3 Qxd4 24. Qb3 Ne5 25. Rd1 Nxf3 26. Qxf3 Qc4+ 27. Qd3 Re1+ 0-1

[Event "FRA-chT1 0910"]
[Site "France"]
[Date "2009.10.18"]
[Round "3.5"]
[White "Bafounta, Denis"]
[Black "Brih, Said"]
[Result "0-1"]
[WhiteElo "2267"]
[BlackElo "2336"]
[PlyCount "58"]
[EventDate "2009.09.27"]
[EventType "team-tourn"]
[EventRounds "11"]
[EventCountry "FRA"]
[SourceTitle "EXT 2011"]
[Source "ChessBase"]
[SourceDate "2010.11.26"]
[SourceVersion "1"]
[SourceVersionDate "2010.11.26"]
[SourceQuality "1"]

1. c4 Nf6 2. Nc3 g6 3. e4 d6 4. d4 Bg7 5. f3 0-0 6. Bg5 Nc6 7. Nge2 a6 8. Qd2 e5 9. d5 Nd4 10. Nxd4 exd4 11. Qxd4 h6 12. Bxf6 Bxf6 13. Qd2 Re8 14. 0-0-0 Bd7 15. Kb1 b5 16. cxb5 axb5 17. Ne2 c5 18. dxc6 Be6 19. b3 Bxb3 20. Nc1 Bxd1 21. Qxd1 Qc7 22. Qb3 Ra5 23. Bd3 Kg7 24. Qc2 Ra3 25. Nb3 Rea8 26. Bxb5 Rxa2 27. Qxa2 Rxa2 28. Kxa2 Qa7+ 29. Kb1 Qa3 0-1

[Event "FRA-chT1 0910"]
[Site "France"]
[Date "2009.10.04"]
[Round "1.5"]
[White "Bafounta, Denis"]
[Black "Netzer, Jacques"]
[Result "1-0"]
[WhiteElo "2267"]
[BlackElo "2186"]
[PlyCount "57"]
[EventDate "2009.09.27"]
[EventType "team-tourn"]
[EventRounds "11"]
[EventCountry "FRA"]
[SourceTitle "EXT 2011"]
[Source "ChessBase"]
[SourceDate "2010.11.26"]
[SourceVersion "1"]
[SourceVersionDate "2010.11.26"]
[SourceQuality "1"]

1. d4 Nf6 2. c4 g6 3. Nc3 Bg7 4. e4 d6 5. f3 0-0 6. Bg5 c5 7. d5 e6 8. Qd2 exd5 9. cxd5 Re8 10. Nge2 Na6 11. Ng3 Nc7 12. Be2 Bd7 13. a4 a6 14. 0-0 b5 15. axb5 axb5 16. Rxa8 Qxa8 17. Qf4 Qd8 18. Qxd6 b4 19. Nd1 Nb5 20. Qxc5 Bf8 21. Qc1 Qb6+ 22. Be3 Qb7 23. Qd2 Bg7 24. Nf2 Bf8 25. Rc1 Qb8 26. f4 h5 27. e5 Ng4 28. Bxg4 hxg4 29. Nge4 1-0

[Event "FRA-chT1B 0809"]
[Site "France"]
[Date "2009.04.04"]
[Round "10.5"]
[White "Le Roux, Jean Pierre"]
[Black "Bafounta, Denis"]
[Result "1-0"]
[WhiteElo "2496"]
[BlackElo "2264"]
[PlyCount "101"]
[EventDate "2008.10.19"]
[EventType "team-tourn"]
[EventRounds "11"]
[EventCountry "FRA"]
[SourceTitle "EXT 2010"]
[Source "ChessBase"]
[SourceDate "2010.11.25"]
[SourceVersion "1"]
[SourceVersionDate "2010.11.25"]
[SourceQuality "1"]
[WhiteTeam "Guingamp"]
[BlackTeam "Rueil Malmaison"]
[WhiteTeamCountry "FRA"]
[BlackTeamCountry "FRA"]

1. d4 d5 2. Nf3 c6 3. e3 Bf5 4. c4 e6 5. Nc3 Nd7 6. a3 Bd6 7. b4 Ngf6 8. Nh4 Bg6 9. Nxg6 hxg6 10. c5 Bc7 11. f4 Nh5 12. Qg4 Rh6 13. Bd2 f5 14. Qf3 Qh4+ 15. Kd1 Nhf6 16. Kc2 Ne4 17. Nxe4 fxe4 18. Qe2 a6 19. g3 Qe7 20. h4 Rh8 21. Bh3 Kf7 22. Bg2 Nf6 23. g4 Rh7 24. Rh3 Rah8 25. Be1 Qd7 26. Rb1 Ng8 27. Bg3 Bd8 28. a4 Nf6 29. b5 axb5 30. axb5 cxb5 31. g5 Ng8 32. Qxb5 Qxb5 33. Rxb5 Ne7 34. Rxb7 Ba5 35. Rh1 Ra8 36. Ra1 Rhh8 37. Bh3 Rhc8 38. Bg4 Bd8 39. Raa7 Rxa7 40. Rxa7 Rc6 41. Kb3 Rc7 42. Rxc7 Bxc7 43. Ka4 Nc6 44. Kb5 Na5 45. Be2 Ke7 46. Be1 Nb3 47. Bb4 Kd7 48. c6+ Kd8 49. Bf8 Bxf4 50. exf4 Nxd4+ 51. Kb6 1-0

[Event "Oberliga Wuerttemberg 0708"]
[Site "Wuerttemberg"]
[Date "2008.04.20"]
[Round "9.5"]
[White "Bafounta, Denis"]
[Black "Hottes, Dieter"]
[Result "1/2-1/2"]
[WhiteElo "2307"]
[BlackElo "2208"]
[PlyCount "87"]
[EventDate "2007.10.07"]
[EventType "team-tourn"]
[EventRounds "9"]
[EventCountry "GER"]
[SourceTitle "EXT 2018"]
[Source "ChessBase"]
[SourceDate "2017.10.13"]
[SourceVersion "1"]
[SourceVersionDate "2017.10.13"]
[SourceQuality "1"]
[WhiteTeam "Wolfbusch"]
[BlackTeam "Stuttgart SF II"]
[WhiteTeamCountry "GER"]
[BlackTeamCountry "GER"]

1. d4 g6 2. c4 Bg7 3. Nc3 c5 4. d5 d6 5. e4 e6 6. Bf4 e5 7. Be3 Nd7 8. g4 Ngf6 9. f3 h5 10. g5 Nh7 11. Qd2 a6 12. Bd3 0-0 13. 0-0-0 b5 14. cxb5 axb5 15. Bxb5 Nb6 16. Kb1 Bd7 17. Rc1 Ra5 18. Bd3 Qa8 19. Nge2 f6 20. gxf6 Rxf6 21. Rcf1 Qf8 22. Ng1 Kh8 23. h4 Rf7 24. Qg2 Bh6 25. Bxh6 Qxh6 26. Nh3 Ra8 27. Rhg1 Qe3 28. Be2 Na4 29. Nxa4 Bxa4 30. Qf2 Qd2 31. Bc4 Qxf2 32. Rxf2 Bd7 33. Bf1 Raf8 34. Rxg6 Rxf3 35. Rxf3 Rxf3 36. Bg2 Re3 37. Ng5 Nxg5 38. Rxg5 Bg4 39. a4 Re2 40. a5 Rxg2 41. a6 Rf2 42. Rg6 Rf8 43. Rxd6 Bf3 44. Kc2 1/2-1/2

[Event "Oberliga Wuerttemberg 0708"]
[Site "Wuerttemberg"]
[Date "2008.04.06"]
[Round "8.4"]
[White "Bafounta, Denis"]
[Black "Fritsch, Rolf"]
[Result "1-0"]
[WhiteElo "2307"]
[BlackElo "2226"]
[PlyCount "113"]
[EventDate "2007.10.07"]
[EventType "team-tourn"]
[EventRounds "9"]
[EventCountry "GER"]
[SourceTitle "EXT 2018"]
[Source "ChessBase"]
[SourceDate "2017.10.13"]
[SourceVersion "1"]
[SourceVersionDate "2017.10.13"]
[SourceQuality "1"]
[WhiteTeam "Wolfbusch"]
[BlackTeam "Stuttgart SF"]
[WhiteTeamCountry "GER"]
[BlackTeamCountry "GER"]

1. d4 Nf6 2. c4 Nc6 3. Nf3 e6 4. a3 d5 5. Nc3 a6 6. e3 dxc4 7. Bxc4 Be7 8. 0-0 b5 9. Ba2 Bb7 10. Qe2 0-0 11. Rd1 b4 12. d5 exd5 13. Nxd5 Nxd5 14. Bxd5 Qc8 15. Qc2 Nd8 16. axb4 Bxd5 17. Rxd5 Qb7 18. Rd4 Ne6 19. Rc4 Bxb4 20. Bd2 Bxd2 21. Nxd2 Rfd8 22. h3 Rd5 23. Ne4 h6 24. b4 Rb5 25. Qc3 Rb8 26. Nc5 Nxc5 27. Rxc5 Rxc5 28. Qxc5 Qxb4 29. Qxc7 Qb6 30. Qc3 Ra8 31. Ra5 Rd8 32. Ra1 g6 33. h4 h5 34. Kh2 Qe6 35. Ra4 Rc8 36. Qd3 Rc6 37. Qd4 Qd6+ 38. Qxd6 Rxd6 39. Kg3 Kf8 40. f3 Ke7 41. Kf4 Kd7 42. g4 Rf6+ 43. Kg3 Kc7 44. Ra5 Kb6 45. Rd5 hxg4 46. fxg4 a5 47. h5 gxh5 48. gxh5 a4 49. Rd1 Kc5 50. Rh1 Re6 51. Kf4 a3 52. h6 Re8 53. h7 Rh8 54. Kg5 a2 55. Kh6 Rb8 56. Ra1 Rb2 57. h8Q 1-0

[Event "Oberliga Wuerttemberg 0708"]
[Site "Wuerttemberg"]
[Date "2008.02.10"]
[Round "6.5"]
[White "Bafounta, Denis"]
[Black "Bauer, Peter"]
[Result "1-0"]
[WhiteElo "2307"]
[BlackElo "2293"]
[PlyCount "65"]
[EventDate "2007.10.07"]
[EventType "team-tourn"]
[EventRounds "9"]
[EventCountry "GER"]
[SourceTitle "EXT 2018"]
[Source "ChessBase"]
[SourceDate "2017.10.13"]
[SourceVersion "1"]
[SourceVersionDate "2017.10.13"]
[SourceQuality "1"]
[WhiteTeam "Wolfbusch"]
[BlackTeam "Boeblingen"]
[WhiteTeamCountry "GER"]
[BlackTeamCountry "GER"]

1. d4 Nf6 2. c4 e6 3. g3 c5 4. Nf3 cxd4 5. Nxd4 a6 6. Bg2 Be7 7. 0-0 0-0 8. b3 Nc6 9. Bb2 d5 10. Nc3 Bc5 11. Nxc6 bxc6 12. Na4 Ba7 13. c5 Nd7 14. Qc2 Re8 15. e4 Bb8 16. f4 Ra7 17. Rae1 a5 18. Re3 Nf6 19. Rd1 Bc7 20. h3 h5 21. e5 Nd7 22. Bd4 g6 23. Qf2 Rb7 24. g4 hxg4 25. hxg4 Rb4 26. Bc3 Rxa4 27. bxa4 Nxc5 28. Rh3 Nxa4 29. Bd4 c5 30. Ba1 c4 31. Kh1 Bd7 32. Qg3 Nc5 33. Qh2 1-0

[Event "FRA-chT2 Nord 0708"]
[Site "France"]
[Date "2007.11.24"]
[Round "2.5"]
[White "Lagaude, Stephane"]
[Black "Bafounta, Denis"]
[Result "0-1"]
[WhiteElo "2018"]
[BlackElo "2318"]
[PlyCount "82"]
[EventDate "2007.10.21"]
[EventType "team"]
[EventRounds "11"]
[EventCountry "FRA"]
[SourceTitle "EXT 2009"]
[Source "ChessBase"]
[SourceDate "2008.11.26"]
[SourceVersion "1"]
[SourceVersionDate "2008.11.26"]
[SourceQuality "1"]
[WhiteTeam "JEEN"]
[BlackTeam "Rueil Malmaison"]
[WhiteTeamCountry "FRA"]
[BlackTeamCountry "FRA"]

1. e4 c5 2. c3 Nf6 3. e5 Nd5 4. d4 cxd4 5. cxd4 Nc6 6. Nf3 g6 7. Bc4 Nb6 8. Bb3 Bg7 9. 0-0 0-0 10. Re1 d5 11. exd6 Qxd6 12. d5 Na5 13. Nc3 Nxb3 14. axb3 Bd7 15. Bg5 Rfe8 16. Qd2 e6 17. Bf4 Bxc3 18. bxc3 Qxd5 19. Qb2 Bc6 20. Bh6 Qh5 21. Qd2 Bxf3 22. gxf3 Red8 23. Qg5 Qxf3 24. Re3 Rd1+ 25. Rxd1 Qxd1+ 26. Kg2 Qd5+ 27. Kg3 Qxg5+ 28. Bxg5 Kg7 29. c4 f6 30. Rxe6 fxg5 31. Re7+ Kg8 32. Rxb7 Rd8 33. c5 Rd3+ 34. Kg4 Rd4+ 35. Kxg5 Rd5+ 36. Kf6 Rf5+ 37. Ke6 Rxc5 38. Rxa7 Rb5 39. Kf6 Nd5+ 40. Ke6 Nf4+ 41. Kf6 Rf5+ 0-1

[Event "Stuttgart-chA int"]
[Site "Gerlingen"]
[Date "2007.05.18"]
[Round "4"]
[White "Bafounta, Denis"]
[Black "Lehmann, Erich"]
[Result "1-0"]
[WhiteElo "2195"]
[BlackElo "2095"]
[PlyCount "85"]
[EventDate "2007.05.17"]
[EventType "swiss"]
[EventRounds "7"]
[EventCountry "GER"]
[SourceTitle "EXT 2018"]
[Source "ChessBase"]
[SourceDate "2017.10.13"]
[SourceVersion "1"]
[SourceVersionDate "2017.10.13"]
[SourceQuality "1"]

1. d4 d5 2. c4 c6 3. Nf3 Nf6 4. Nc3 a6 5. Ne5 e6 6. Bf4 Nh5 7. Bd2 Nf6 8. e3 Be7 9. Bd3 Nbd7 10. Nxd7 Bxd7 11. Qe2 dxc4 12. Bxc4 c5 13. d5 b5 14. dxe6 fxe6 15. Bb3 c4 16. Bc2 0-0 17. 0-0 b4 18. Ne4 Bb5 19. a4 bxa3 20. Nc3 axb2 21. Ra2 Qd7 22. Rxb2 Rfd8 23. Rfb1 Rac8 24. Nxb5 axb5 25. Ba5 Rf8 26. Rxb5 Bc5 27. Rb7 Qd5 28. Bc3 Rf7 29. Rxf7 Kxf7 30. e4 Qg5 31. Rb7+ Kg8 32. g3 Bf8 33. Kg2 Qh5 34. f3 Ne8 35. Qd2 Qc5 36. Qf4 Qa3 37. Qf7+ Kh8 38. Bd4 Qd6 39. Rd7 Qb4 40. Bc3 Qa3 41. Ra7 Qc5 42. Ba4 Rc7 43. Bxg7+ 1-0